LEADER 00975nam0-22003371i-450 001 990001638110403321 005 20201008141119.0 035 $a000163811 035 $aFED01000163811 035 $a(Aleph)000163811FED01 035 $a000163811 100 $a20030910d1978----km-y0itay50------ba 101 0 $aita 102 $aIT 105 $aa 001yy 200 1 $aDecapodi$eCrustacea Decapoda$fCarlo Froglia 210 $aRoma$cCNR$d1978 215 $a39 p.$cill.$d21 cm 225 1 $aGuide per il riconoscimento delle specie animali delle acque interne italiane$v4 225 1 $aProgetto finalizzato Promozione della qualità dell'ambiente$vAQ/1/9 610 0 $aCrustacea 676 $a595.3 676 $a593$v23$zita 700 1$aFroglia,$bCarlo$070203 801 0$aIT$bUNINA$gRICA$2UNIMARC 901 $aBK 912 $a990001638110403321 952 $a60 593 CNR-04 1978$b48211$fFAGBC 959 $aFAGBC 996 $aDecapodi$9405565 997 $aUNINA